| 000 | 01694nam a2200349 i 4500 | ||
|---|---|---|---|
| 003 | EG-GICUC | ||
| 005 | 20260416121850.0 | ||
| 008 | 260305s1950 ua ||fr|||| 00| 0 ara d | ||
| 040 |
_a EG-GICUC _bara _c EG-GICUC _d EG-GICUC _erda |
||
| 041 | _aara | ||
| 082 | 0 | 4 |
_221 _a343.16331 _bم ح . م |
| 092 | 0 | 4 | _221 |
| 099 | _aLaw1 10 343.16331 م ح . م 1950 | ||
| 100 | 0 |
_aمحمود أحمد عمر _eمؤلف. |
|
| 245 | 1 | 0 |
_aمجموعة القواعد القانونية التي قررتها محكمة النقض والإبرام في المواد الجنائية. _nالجزء السابع ، _pعن المدة من 5 نوفمبر سنة 1945 لغاية 13 يونية سنة 1949 / _cوضعها محمود أحمد عمر؛ راجعها وأقرها سيد مصطفى باشا وعلق عليها الأستاذ محمد عبدالله بك. |
| 264 | 1 |
_aالقاهرة : _bالمطبعة العالمية، _c1950. |
|
| 300 |
_a1060 ؛ صفحة _c24 سم. _bإيضاحيات، صور، مثيليات ؛ |
||
| 336 |
_2rda content _atext |
||
| 337 |
_2rda media _aComputer |
||
| 338 |
_2rda carrier _aOnline Resource |
||
| 504 | _aيشتمل على إرجاعات ببليوجرافية. | ||
| 504 | _aيشتمل على إرجاعات ببليوجرافية | ||
| 546 | _aالنص باللغة العربية | ||
| 650 | 1 | _aالقانون الجنائي | |
| 650 | 1 | _a القواعد العامة في تطبيق العقوبات | |
| 651 | 1 | _2qrmak | |
| 700 | 0 |
_aسيد مصطفى بك _eمراجع. |
|
| 700 | 0 |
_aمحمد عبدالله بك _eمحقق. |
|
| 856 | 4 | 0 | _uhttps://fll.law.cu.edu.eg/fulltext/bks/B10-08462.pdf |
| 905 |
_a43 _eYara |
||
| 942 |
_2ddc _cBK _e21 _n0 |
||
| 999 |
_c64992 _d64992 |
||